Most Influential NBA Players - Statistics

General Stats
  • This quiz has been taken 74 times
  • The average score is 18 of 25
Answer Stats
Rank Known For Answer % Correct
1 Globalizing the NBA Michael Jordan
95%
2 League saving rivalry Larry Bird
92%
15 Telling lies, free agency LeBron James
91%
3 League saving rivalry Magic Johnson
91%
12 Breaking rims Shaquille O'neal
89%
7 League logo, Superstar GM Jerry West
88%
8 Crazy work ethic Kobe Bryant
88%
4 Beginning the three-point revolution Steph Curry
88%
9 Ridiculous statistics and athleticism Wilt Chamberlain
84%
19 Being the first superstar passing big Nikola Jokic
80%
13 Revolutionizing the triple double Russell Westbrook
78%
17 Singlehandedly keeping the ABA alive Julius Erving
77%
24 Greatest ball handler of all time Kyrie Irving
77%
6 Altering the league's culture Allen Iverson
75%
22 Revolutionary footwork at the center position Hakeem Olajuwon
70%
10 Expanded the league's pull in Europe, prototype stretch big Dirk Nowitzki
69%
14 Said to be the greatest coach of all time Phil Jackson
67%
5 Sheer dominance, civil rights advocacy Bill Russell
66%
16 Showing the league's problem with flopping James Harden
61%
23 Part of the only vetoed trade in NBA history Chris Paul
58%
20 The NBA's first "Unicorn" Archetype Kevin Durant
58%
21 Revitalized dunk contest Vince Carter
56%
18 Inventing the flashy pass Bob Cousy
41%
11 Being the first superstar George Mikan
39%
25 Earliest modern stretch big Karl-Anthony Towns
20%
No matching quizzes found
Score Distribution
Percent of People with Each Score
Percentile by Number Answered
Your Score History
You have not taken this quiz